| 000 | 00545 a2200157 4500 | ||
|---|---|---|---|
| 020 | _a8178801086 | ||
| 082 | _a004.03 | ||
| 090 |
_c850 _d850 |
||
| 100 | _aAnand, Aishwarya. | ||
| 245 |
_aEncyclopaedia of Applied information systems : Decision support system _cAishwarya Anand & Singh Aishwarya. |
||
| 260 |
_aNew Delhi : _bRajat Publications, _c2003. |
||
| 300 |
_avol.4, vi, 264 p. : _bill. ; _c20 cm. |
||
| 500 | _aIncludes bibliographical references and index | ||
| 650 | _a 1.Encyclopedia. 2.Management information systems. | ||
| 942 | _cBK | ||
| 999 |
_c481660 _d481660 |
||